=LDR 00000nam 2200000 4500 =001 001134 =005 20250714083747 =035 ##$$a 0010-0725001018 =007 ta =008 250714################a##########0#ind## =020 ##$$a 978-602-244-287-5 =082 ##$$a 398.208 598 =084 ##$$a 398.208 598 IDA k =100 #$$a Ida R. Yulia =245 1#$$a Kaus kaki bebek bercerita /$c Ida R. Yulia =250 ##$$a Cetakan pertama =260 ##$$a Jakarta pusat :$b Badan pengembangan dan pembinaan bahasa,$c 2019 =300 ##$$a 32hlm. : $b Ilus. ; $c 25cm. =650 #4$$a Cerita anak-indonesia